UK Towns Quiz - Essex - Extreme - Statistics

General Stats
  • This quiz has been taken 375 times
    339 since last reset
  • The average score is 31 of 142
Answer Stats
Clue Population Name of the Town % Correct
S 180,686 Southend-on-sea
95%
C 130,248 Colchester
94%
C 110,606 Chelmsford
91%
B 115,964 Basildon
86%
C 53,208 Clacton-on-sea
78%
L 2,455 Little Clacton
78%
B 43,215 Braintree
73%
B 55,358 Brentwood
73%
H 93,566 Harlow
73%
B 34,072 Billericay
68%
G 44,341 Grays
59%
M 23,384 Maldon
58%
R 32,393 Rayleigh
58%
W 27,389 Witham
52%
C 38,003 Canvey Island
50%
H 20,220 Harwich
48%
W 6,984 Walton-on-the-Naze
48%
W 27,524 Wickford
46%
E 10,700 Epping
44%
E 5,746 East Tilbury
43%
F 4,866 Frinton-on-sea
43%
S 16,613 Saffron Walden
43%
T 14,184 Tilbury
43%
T 9,298 Tiptree
41%
B 7,802 Burnham-on-crouch
36%
M 1,676 Manningtree
36%
N 1,764 North Benfleet
36%
J 5,083 Jaywick
35%
L 2,643 Little Dunmow
34%
L 33,338 Loughton
34%
W 18,647 Waltham Abbey
33%
R 12,616 Rochford
32%
B 8,679 Brightlingsea
31%
H 13,907 Halstead
30%
K 4,773 Kelvedon
30%
K 2,495 Kelvedon Hatch
30%
W 7,065 West Mersea
30%
S 16,021 South Woodham Ferrers
29%
W 7,347 Wivenhoe
29%
C 3,925 Chipping Ognar
28%
C 12,244 Chigwell
27%
C 2,116 Chigwell Row
27%
S 29,521 Stanford-le-Hope
27%
S 4,546 Southminster
26%
T 3,116 Thaxted
26%
G 10,396 Great Dunmow
25%
W 4,701 Writtle
25%
C 3,765 Coggeshall
24%
H 1,786 Hatfield Heath
24%
H 3,623 Hatfield peverel
24%
M 1,816 Marks Tey
23%
S 8,621 Stansted Mountfitchet
23%
T 49,881 Thundersley
23%
D 6,195 Danbury
21%
S 22,442 South Ockendon
21%
T 3,538 Theydon Bois
21%
T 1,593 Thorpe-le-soken
21%
B 1,934 Black Notley
20%
G 7,660 Great Notley
20%
H 15,427 Hockley
19%
B 11,749 Buckhurst Hill
17%
P 5,883 Purfleet-on-Thames
17%
S 1,574 Stock
17%
S 2,249 St Osyth
17%
A 9,369 Aveley
15%
B 3,561 Boreham
15%
C 1,045 Castle Hedingham
15%
C 23,579 Chafford Hundred
15%
G 6,772 Great Wakering
15%
N 2,941 Newport
15%
S 4,260 Sible Hedingham
15%
W 3,176 West Bergholt
15%
G 1,746 Great Bentley
14%
L 1.338 Layer-de-la-haye
14%
T 5,545 Takeley
14%
B 3,491 Broomfield
12%
B 1,184 Bures
12%
M 1,827 Mistley
12%
R 1,585 Roydon
12%
A 2,463 Alresford
11%
E 3,363 Earls Colne
11%
H 1,511 Horndon-on-the-Hill
11%
K 1,208 Kirby-le-Soken
11%
T 2,809 Tollesbury
11%
W 1,650 West Horndon
11%
H 5,706 Hullbridge
10%
L 4,484 Lawford
10%
W 1,923 Wickham Bishops
10%
G 6,412 Galleywood
9%
G 1,374 Great Bardfield
9%
L 3,639 Lower Nazeing
9%
C 10,685 Chadwell St Mary
8%
E 1,768 Elmstead Market
8%
E 3,419 Elsenham
8%
G 2,973 Great Leighs
8%
G 2,775 Great Totham
8%
G 1,825 Great Yeldham
8%
M 3,743 Mayland
8%
R 2,170 Rayne
8%
S 3,915 Silver End
8%
T 1,063 Tolleshunt Knights
8%
W 1,287 Weeley
8%
A 1,650 Abridge
7%
A 1,044 Ardleigh
7%
B 1,168 Blackmore
7%
F 1,233 Felsted
7%
G 1,776 Great Chesterford
7%
K 6,037 Kirby Cross
7%
O 1,427 Orsett
7%
R 8,084 Runwell
7%
T 1,415 Tye Green
7%
B 2,278 Bicknacre
6%
C 1,791 Copford
6%
L 1,138 Latchingdon
6%
T 1,429 Thorrington
6%
C 1,159 Cold Norton
5%
D 4,065 Doddinghurst
5%
G 2,230 Great Horkesley
5%
I 1,854 Ingrave
5%
N 4,321 North weald Bassett
5%
R 1,950 Ramsden Heath
5%
R 2,487 Rowhedge
5%
G 1,455 Gosfield
4%
S 1,061 Stebbing
4%
A 6,488 Ashingdon
3%
B 1,251 Bradfield
3%
C 1,215 Canewdon
3%
C 1,218 Crays Hill
3%
P 1,706 Point Clear
3%
R 1,141 Ramsey Island
3%
S 1.374 Steeple Bumpstead
3%
C 1,067 Coopersale
2%
E 1,770 Eight Ash Green
2%
H 1,043 Henham
2%
I 5,409 Ingatestone
2%
T 1,030 Thornwood Common
2%
B 7,705 Berechurch
1%
S 2,404 Shelley
1%
W 1,436 East Hallinbury
0%
L 1,014 Langenhoe
0%
L 1,036 Little Watham
0%
S 1,168 Southfields
0%
No matching quizzes found
Score Distribution
Percent of People with Each Score
Percentile by Number Answered
Your Score History
You have not taken this quiz since the last reset